Shikshatattva prarambhika (Record no. 1666)

MARC details
000 -LEADER
fixed length control field 00563cam a2200205ua 4500
008 - FIXED-LENGTH DATA ELEMENTS--GENERAL INFORMATION
fixed length control field 110719n ii |||gr||||Z||||||eng
040 ## - CATALOGING SOURCE
Transcribing agency MAIN
100 ## - MAIN ENTRY--PERSONAL NAME
Personal name Sharma, Tarun,
Relator term
245 1# - TITLE STATEMENT
Title Shikshatattva prarambhika
Statement of responsibility, etc. by Tarun Sharma
250 ## - EDITION STATEMENT
Edition statement 2nd.
260 ## - PUBLICATION, DISTRIBUTION, ETC.
Place of publication, distribution, etc. Dibrugarh:
Name of publisher, distributor, etc. Dibrugarh university,973.
300 ## - PHYSICAL DESCRIPTION
Extent 176p:
Dimensions 23cm.
700 ## - ADDED ENTRY--PERSONAL NAME
Personal name Baruah, Prasanna Kr.,
Relator term
700 ## - ADDED ENTRY--PERSONAL NAME
Personal name Sharma, Haren,
Relator term
700 ## - ADDED ENTRY--PERSONAL NAME
Personal name Goswami, Hareswar,
Relator term
942 ## - ADDED ENTRY ELEMENTS (KOHA)
Koha item type Books
653 ## - INDEX TERM--UNCONTROLLED
Uncontrolled term Education
653 ## - INDEX TERM--UNCONTROLLED
Uncontrolled term Shikshatattva prarambhika
Holdings
Withdrawn status Lost status Damaged status Not for loan Home library Current library Shelving location Date acquired Total Checkouts Full call number Barcode Date last seen Copy number Price effective from Koha item type
        Central Library, Naharkatiya College Central Library, Naharkatiya College General Stacks 19/09/2020   BHA 11146 19/09/2020 1 19/09/2020 Books

Naharkatiya College © 2020. All rights reserved.

Powered By